The Triple Helix University-Industry-Government Innovation and Entrepreneurship
Guardado en:
| Autor principal: | |
|---|---|
| Otros Autores: | |
| Formato: | Libro |
| Lenguaje: | inglés |
| Publicado: |
Abingdon
Routledge
2018
|
| Edición: | 2nd Edition |
| Materias: | |
| Etiquetas: |
Sin Etiquetas, Sea el primero en etiquetar este registro!
|
MARC
| LEADER | 00000nam a2200000 4500 | ||
|---|---|---|---|
| 001 | 0296270 | ||
| 005 | 20240416113829.0 | ||
| 020 | |a 978-1-138-65949-0 | ||
| 020 | |a 978-1-138-65948-3 | ||
| 041 | 0 | |a eng | |
| 044 | |a GB | ||
| 245 | 1 | 0 | |a The Triple Helix |b University-Industry-Government Innovation and Entrepreneurship |c Henry Etzkowitz and Chunyan Zhou |
| 250 | |a 2nd Edition | ||
| 264 | 1 | |a Abingdon |b Routledge |c 2018 | |
| 300 | |a 328 s. | ||
| 610 | 2 | 0 | |a univerzity |
| 610 | 2 | 0 | |a vzdelanie vysokoškolské |
| 610 | 2 | 0 | |a priemysel |
| 610 | 2 | 0 | |a inovácie technologické |
| 610 | 2 | 0 | |a podnikanie |
| 610 | 2 | 0 | |a rozvoj hospodársky |
| 100 | 1 | |a Etzkowitz, Henry | |
| 700 | 1 | |a Zhou, Chunyan | |